The Civic Culture : Political Attitudes and Democracy in Five Nations /
Estudio comparativo sobre la cultura cívica y actitudes políticas en cinco naciones: a saber, Alemania, Estados Unidos, Inglaterra, Italia y México. Sus autores han recuperado los cambios políticos experimentados en estas cinco naciones durante el lapso comprendido entre la publicación original del...
保存先:
| 第一著者: | |
|---|---|
| その他の著者: | |
| フォーマット: | 図書 |
| 言語: | 英語 |
| 出版事項: |
Newbury Park, EUA :
Sage,
1989, c1989
|
| 版: | Ed. aum. |
| 主題: | |
| タグ: |
タグなし, このレコードへの初めてのタグを付けませんか!
|
MARC
| LEADER | 00000nam^a2200000^a^4500 | ||
|---|---|---|---|
| 001 | 000139562 | ||
| 005 | 20250521000000.0 | ||
| 009 | 20260310095508.326 | ||
| 020 | |a 0-8039-3558-7 | ||
| 037 | |a Acervo ITESO - Biblioteca | ||
| 041 | |a ING | ||
| 082 | |a 320. 9 |b ALM | ||
| 100 | |a Almond, Gabriel A. |e (autor) | ||
| 245 | 1 | 4 | |a The Civic Culture : |b Political Attitudes and Democracy in Five Nations / |c G.A. Almond, S. Verba. |
| 250 | |a Ed. aum. | ||
| 264 | 4 | |a Newbury Park, EUA : |b Sage, |c 1989, c1989 | |
| 300 | |a XII, 379 p. | ||
| 336 | |a texto |b txt |2 rdacontenido | ||
| 337 | |a sin mediación |b n |2 rdamedio | ||
| 338 | |a volumen |b nc |2 rdasoporte | ||
| 520 | |a Estudio comparativo sobre la cultura cívica y actitudes políticas en cinco naciones: a saber, Alemania, Estados Unidos, Inglaterra, Italia y México. Sus autores han recuperado los cambios políticos experimentados en estas cinco naciones durante el lapso comprendido entre la publicación original del libro, en 1965, y la presente edición de 1989. | ||
| 521 | |a 2012 BO Licenciatura en Periodismo y Comunicación Pública | ||
| 649 | |a XX | ||
| 650 | |a Cultura Política - |z México | ||
| 650 | |a Cultura Política - |z Alemania | ||
| 650 | |a Cultura Política - |z EUA | ||
| 650 | |a Cultura Política - |z Italia | ||
| 650 | |a Cultura Política - |z Inglaterra | ||
| 650 | |a Actitudes | ||
| 650 | |a Comportamiento Político | ||
| 650 | |a Participación Política | ||
| 650 | |a Participación Social | ||
| 650 | |a Democracia | ||
| 650 | |a Psicología Política | ||
| 650 | |a Política Comparada | ||
| 700 | |a Verba, Sydney |e (autor) | ||
| 910 | |a Fondo General | ||
| 920 | |a Impresos - Libros | ||
| 930 | |a Colección General | ||
| 905 | |a 101 | ||
| 901 | |a 0500067672 |b IT1 |c ACC |u 20250521 | ||
| 901 | |a 0500067669 |b IT1 |c ACC |u 20250521 | ||
| 901 | |a 0500170694 |b IT1 |c ACC |u 20250521 | ||
| 902 | |a https://opac.biblio.iteso.mx/vufind/Record/000139562 | ||